00446nam a2200145 a 450000100100000000500170001000800410002704000250006808200150009310000290010824500670013726000350020430000300023950400310026900003489820200930073955.0111021s1956 cu c 000 0 spa d aDO-SdBNPbspacBNPHU axxxxbE61e1 aEntralgo Cancio, Alberto10aMartí ante el proceso de Jesús /cAlberto Entralgo Cancio. aLa Habana :bLa Verdad,c1956. a166 p. :bretr. ;c23 cm. aBibliografía : p. [139].